Explaining imprisonment in Europe

Gespeichert in:  
Bibliographische Detailangaben
1. VerfasserIn: Lappi-Seppälä, Tapio (Verfasst von)
Medienart: Elektronisch Aufsatz
Sprache:Englisch
Veröffentlicht: 2011
In: European journal of criminology
Jahr: 2011, Band: 8, Heft: 4, Seiten: 303-328
Online-Zugang: Volltext (doi)
Verfügbarkeit prüfen: HBZ Gateway
Schlagwörter:

MARC

LEADER 00000caa a2200000 c 4500
001 1418338044
003 DE-627
005 20220530105337.0
007 cr uuu---uuuuu
008 110808s2011 xx |||||o 00| ||eng c
024 7 |a 10.1177/1477370811411459  |2 doi 
035 |a (DE-627)1418338044 
035 |a (DE-576)34833804X 
035 |a (DE-599)BSZ34833804X 
040 |a DE-627  |b ger  |c DE-627  |e rakwb 
041 |a eng 
100 1 |a Lappi-Seppälä, Tapio  |0 (DE-627)1249887437  |0 (DE-576)179887432  |4 aut 
109 |a Lappi-Seppälä, Tapio  |a Seppälä, Tapio Lappi- 
245 1 0 |a Explaining imprisonment in Europe  |c Tapio Lappi-Seppälä 
264 1 |c 2011 
336 |a Text  |b txt  |2 rdacontent 
337 |a Computermedien  |b c  |2 rdamedia 
338 |a Online-Ressource  |b cr  |2 rdacarrier 
773 0 8 |i In  |t European journal of criminology  |d London [u.a.] : Sage, 2004  |g 8(2011), 4, Seite 303-328  |h Online-Ressource  |w (DE-627)379048256  |w (DE-600)2135314-1  |w (DE-576)112775543  |x 1741-2609  |7 nnas 
773 1 8 |g volume:8  |g year:2011  |g number:4  |g pages:303-328 
856 |u https://doi.org/10.1177/1477370811411459  |x doi  |3 Volltext 
951 |a AR 
ELC |a 1 
LOK |0 000 xxxxxcx a22 zn 4500 
LOK |0 001 2686266333 
LOK |0 003 DE-627 
LOK |0 004 1418338044 
LOK |0 005 20110808090705 
LOK |0 008 110808||||||||||||||||ger||||||| 
LOK |0 040   |a DE-21-110  |c DE-627  |d DE-21-110 
LOK |0 689   |a s  |a Freiheitsentzug 
LOK |0 689   |a s  |a Strafpolitik 
LOK |0 689   |a s  |a Punitivität 
LOK |0 689   |a s  |a Soziale Indikatoren 
LOK |0 689   |a s  |a Europäischer Vergleich 
LOK |0 852   |a DE-21-110 
LOK |0 852 1  |m p  |9 00 
LOK |0 938   |k p 
LOK |0 939   |a 08-08-11  |b l01 
ORI |a SA-MARC-krimdoka001.raw